| 000 | 00961nam a2200265Ia 4500 | ||
|---|---|---|---|
| 003 | OSt | ||
| 005 | 20221005103825.0 | ||
| 006 | a|||||r|||| 00| 0 | ||
| 007 | ta | ||
| 008 | 221004b |||||||| |||| 00| 0 san d | ||
| 020 |
_a8178540207 (hbk) _cINR 600.00 |
||
| 024 | _a37025 | ||
| 037 |
_b380, 10/03/2018, Eastern Book Linkers _cTextual |
||
| 040 |
_aCRL _cCRL _bsan |
||
| 041 |
_2san _asan |
||
| 082 | _aLB:4x1,1, 152P4 | ||
| 100 | _aकुलश्रेष्ठ, सुषमा, ले. | ||
| 245 | 0 | _aमाधवविदानम् | |
| 246 | _aMādhavavidānam | ||
| 260 |
_aदिल्ली _bईस्टर्न बुक लिंकर्स भारत _c2004 |
||
| 300 |
_a398पृ0 _ccm. |
||
| 650 | _aवेद-आयुर्वेद | ||
| 942 |
_hLB:4x1,1, 152P4 _cTEXL _2cc |
||
| 999 |
_c1011023 _d1011023 |
||